Name a Valid Southern Hemisphere Country - Statistics

General Stats
  • This quiz has been taken 577 times
    401 since last reset
  • The average score is 13 of 20
Answer Stats
Name a country... Answer % Correct
with a population of over 200 million Brazil | Indonesia
99%
that has won the FIFA World Cup Argentina | Brazil | Uruguay
94%
whose capital city is on the Indian Ocean Comoros | East Timor | Indonesia | Maldives | Mozambique | Mauritius | Seychelles | Somalia
92%
that claims territory in Antarctica Argentina | Australia | Chile | New Zealand
88%
whose currency is the peso Argentina | Chile | Colombia | Uruguay
88%
that has hosted the Summer Olympics Australia | Brazil
84%
with an average life expectancy over 80 Australia | Chile | New Zealand
84%
whose capital city is below 35° south Australia | New Zealand
82%
with a population of less than 50,000 Nauru | Tuvalu
78%
with Portuguese as an official language Angola | Brazil | East Timor | Mozambique | Sao Tome and Principe
71%
considered a "full democracy" by the Democracy Index Australia | New Zealand | Uruguay
69%
with French as an official language Burundi | Comoros | Democratic Republic of Congo | Gabon | Madagascar | Republic of Congo | Rwanda | Seychelles | Vanuatu
65%
that is a "major non-NATO ally" of the United States Argentina | Australia | Brazil | New Zealand
52%
that is an absolute monarchy Eswatini
47%
that once possessed nuclear weapons South Africa
46%
where over 20% of people have HIV/AIDS Botswana | Eswatini | Lesotho
41%
that is in the Southern Cone Argentina | Chile | Uruguay
39%
with a population density of less than 3 people per square kilometre Namibia
29%
that was the site of a land battle in World War II East Timor | Indonesia | Papua New Guinea | Solomon Islands
28%
that borders the Bismarck Sea Papua New Guinea
19%
No matching quizzes found
Score Distribution
Percent of People with Each Score
Percentile by Number Answered
Your Score History
You have not taken this quiz since the last reset